Confesiones

Bewaard in:
Bibliografische gegevens
Hoofdauteur: Verlaine, Paul
Formaat: Boek
Taal:Undetermined
Gepubliceerd in: Buenos Aires, Argentina Calomino 1944
Onderwerpen:
Tags: Voeg label toe
Geen labels, Wees de eerste die dit record labelt!

MARC

LEADER 00000nam a2200000Ia 4500
008 170316s9999 xx 000 0 und d
040 |a cru BVZT 
090 |a 840 V-9co 
100 |a Verlaine, Paul 
245 |a Confesiones 
260 |a Buenos Aires, Argentina 
260 |b Calomino 
260 |c 1944 
300 |a 190 páginas 
650 |a LITERATURA FRANCESA 
999 |c 8065  |d 8065 
942 |c 15 D  |h 840 V-9co  |2 z